| 000 | 01466cam a22003857a 4500 | ||
|---|---|---|---|
| 003 | CHAP | ||
| 005 | 20220329141504.0 | ||
| 008 | 971013s1987 r 10010 d | ||
| 010 | _a68945 | ||
| 011 | _a69917 | ||
| 035 | _a79395 | ||
| 040 | _cCHAP | ||
| 082 |
_a580.63 _bC6r 1987 |
||
| 111 | 0 | 0 |
_aCongreso Mexicano de Botánica ( _n10 _d: 1987 _c: Guadalajara, Jal.) _926833 |
| 245 | 0 | _aResúmenes | |
| 260 |
_aGuadalajara, Jal. : _bLa Sociedad, _c1987 |
||
| 300 | _a400 p. | ||
| 590 |
_aBATCH-UPD _b10 _c20130110 _lUCH01 _h0135 |
||
| 590 |
_aBATCH-UPD _b10 _c20130110 _lUCH01 _h0726 |
||
| 590 |
_aBATCH-UPD _b10 _c20130110 _lUCH01 _h2341 |
||
| 590 |
_aBATCH-UPD _b10 _c20130409 _lUCH01 _h2132 |
||
| 590 |
_aBATCH-UPD _b10 _c20130410 _lUCH01 _h0641 |
||
| 590 |
_aBATCH-UPD _b10 _c20130914 _lUCH01 _h0416 |
||
| 590 |
_aCONVERSION _b10 _c20130109 _lUCH01 _h1338 |
||
| 650 | 1 | 4 |
_aBotánica _xCongresos. _914522 |
| 650 | 1 | 4 |
_aBotánica _zMéxico. _914641 |
| 710 | 0 |
_aSociedad Botánica de México. _9108049 |
|
| 711 | 0 |
_aAsamblea Anual de Flora de México. _97846 |
|
| 711 | 0 |
_aReunión Nacional de Encargados de Herbario (5 : 1987 : Guadalajara, Jal.) _996475 |
|
| 711 | 0 |
_aSimposio Nacional sobre Cactáceas y Suculentas (1: 1987: Guadalajara, Jal.) _9106358 |
|
| 901 | _aBK | ||
| 942 | _cLIBRO | ||
| 949 |
_a580.63 C6r 1987 _bBC _cLIBRO _d33724000519922 _eLIBRO _h76236 _i79395 _si |
||
| 949 |
_a580.63 C6r 1987 _bBC _cLIBRO _d33724002166090 _eLIBRO _fc.2 _gDonaciØn _h112450 _i79395 _sb |
||
| 999 |
_c68945 _d68945 |
||